Statistics for 1967 year quiz

Click here to take the quiz!

General Stats

  • This quiz has been taken 51 times
  • The average score is 5 of 10

Answer Stats

HintAnswer% Correct
Bolivian forces capture and kill this revolutionaryChe Guevara
88%
This athlete refuses to fight in VietnamMuhammad Ali
84%
The daughter of this late Communist titan defects to the WestJoseph Stalin
71%
This man sings that he is a walrusPaul McCartney
71%
This hit film says you only need the bare necessities of lifeThe Jungle Book
67%
Israel seizes this part of Syria in the 'Six Day War'Golan Heights
43%
In Indonesia this man begins his long reignSuharto
41%
Lyndon Johnson makes this judge the first African American on the Supreme CourtThurgood Marshall
39%
This couple's court case establishes right to interracial marriage in the USLoving
20%
In South Korea, this major car maker is bornHyundai Motors
6%

Score Distribution

Percentile by Number Answered

Percent of People with Each Score

Your Score History

You have not taken this quiz